• 首页
  • 本馆介绍
  • 公告通知
  • 最新文献
  • 馆藏检索
  • 电子资源
  • 读者导购
  • 参考咨询
  • 我的图书馆
  • 登录
  • 详细信息显示
  • 放入我的书架
  • 预约/预借图书
  • 作者相关作品
  • 分类相关作品
  • 丛书相关作品
  • 出版社相关作品

书目信息

  • 表格格式
  • 工作单格式
  • 卡片格式
题名:
中国行政诉讼法教程
    
 
作者: 应松年 主编
分册:  
出版信息: 北京   当代世界出版社  2000
页数: 263页
开本: 20cm
丛书名:
单 册:
中图分类: D925.31
科图分类: 35.2219
主题词: 诉讼法-行政诉讼--中国--成人高等学校--教材 , 行政诉讼-诉讼法--中国--成人高等学校--教材
电子资源:
ISBN: 7-80115-333-2
000 00773nam0 2200241 45
001 0193017062
005 20070723162307.90
010    @a7-80115-333-2@dCNY11.40
100    @a19800101d2000 em y0chiy0121 ea
101 0  @achi
102    @aCN
105    @ay z 000yy
200 10 @a中国行政诉讼法教程@AZHONG GUO XING ZHENG SU SONG FA JIAO CHENG@f应松年主编@Fying song nian zhu bian
210    @a北京@c当代世界出版社@d2000@h2002
215    @a263页@d20cm
540 1  @a行政 诉讼法@AXING ZHENG SU SONG FA
606    @a诉讼法-行政诉讼@y中国@x成人高等学校@x教材
606    @a行政诉讼-诉讼法@y中国@x成人高等学校@x教材
690    @aD925.31@v三版
692    @a35.2219
701  0 @a应松年@Aying song nian@4主编
801  0 @aCN@bTSSF@c20070723
905    @a10447@dD925.31@e329
    
    中国行政诉讼法教程/应松年主编.-北京:当代世界出版社,2000(2002)
    263页;20cm
    
    
    ISBN 7-80115-333-2:CNY11.40
    
●
相关链接 在E读中查询图书 在五车中查询图书 在当当中查询图书 在豆瓣中查询图书


正题名:中国行政诉讼法教程     索取号:D925.31/329         预约/预借

序号 登录号 条形码 馆藏地/架位号 状态 备注
1 0767083   207670830   第一样本阅览室/ [索取号:D925.31/329] 在馆    
唐山师范学院图书馆 欢迎您!
大连网信软件有限公司© 版权所有